Pusheen - Statystyki

Ogólne statystyki
  • Ten quiz został rozwiązany 53 razy
  • Średni wynik to 4 z 15
Statystyki odpowiedzi
pytania odpowiedź % Poprawnych
co pusheen lubi jeść? Wszystko
85%
Gdzie mieszka? W domku
69%
kiedy ma urodziny? 18 luty
65%
ulubione słowo miau
58%
siostra stormy
38%
mażenia mieć przyjaciól na calym swiecie
15%
najlepsza cecha wyglądu paluszki jak fasolki
15%
urodziny stormy 24 października
12%
hobby blogowanie, spanie
12%
ulubine jedzenie stormy karma i mleko
12%
Najlepsza cecha wyglądu stormy puchatość
12%
ulubione słowo stormy uaua
12%
Gdzie mieszka stormy z rodzinką
12%
marzenie stormy Być jak moja siostra pusheen
8%
hobby stormy ganianie za czym sie da
8%
Nie znaleziono quizów pasujących do podanych kryteriów
Rozkład punktacji
Procent ludzi z każdym wynikiem
Percentyl według liczby udzielonych odpowiedzi
Twoja historia wyników
Nie rozwiązałeś tego quizu